Online Public Access Catalogue

Dissection Guide for Human Anatomy (Record no. 5791)

MARC details
000 -LEADER
fixed length control field 00432nam a2200157Ia 4500
020 ## - INTERNATIONAL STANDARD BOOK NUMBER
International Standard Book Number 9780443069512
082 ## - DEWEY DECIMAL CLASSIFICATION NUMBER
Classification number 611
Author Mark GRA
Edition number 2nd
100 ## - MAIN ENTRY--PERSONAL NAME
Author Name David A. Morton
245 #0 - TITLE STATEMENT
Title Dissection Guide for Human Anatomy
Statement of responsibility, etc. David A. Morton
250 ## - EDITION STATEMENT
Edition statement 2nd
260 ## - PUBLICATION, DISTRIBUTION, ETC.
Place of publication, distribution, etc. U.P.India
Name of publisher, distributor, etc. Churchill Livingstone Elsevier
Date of publication, distribution, etc. 2009
300 ## - PHYSICAL DESCRIPTION
No of Pages 584
440 ## - SERIES STATEMENT/ADDED ENTRY--TITLE
Title Dissection Guide for Human Anatomy
650 ## - SUBJECT ADDED ENTRY--TOPICAL TERM
Subject Human Anatomy
942 ## - ADDED ENTRY ELEMENTS (KOHA)
Koha item type Books
Source of classification or shelving scheme
Edition 2nd
952 ## - LOCATION AND ITEM INFORMATION (KOHA)
-- 2018-03-16
Holdings
Withdrawn status Lost status Source of classification or shelving scheme Damaged status Not for loan Home library Current library Shelving location Date acquired Total Checkouts Full call number Barcode Date last seen Date last checked out Koha item type
          Islamabad Medical and Dental College Islamabad Medical and Dental College Islamabad Medical and Dental College 16/03/2018 2 611 GRA 7539 23/09/2022 16/09/2022 Books

Copyright @ IMDC Library
Islamabad Medical and Dental College
Bhara Kahu, Islamabad

  Contact the Librarian, IMDC
  Email:: library@imdcollege.edu.pk

  OPAC Customized by
  Mazhar Hussain,
  Librarian:
  Islamabad Medical and Dental College
  Email:: library@imdcollege.edu.pk